|
|
|
|
| LEADER |
00000cam a2200000 a 4500 |
| 001 |
vtls008367790 |
| 003 |
SK-MaSNL |
| 005 |
20260301093658.0 |
| 008 |
180812s1921 xo l drp 000 0 slo |
| 015 |
|
|
|a SNBA19191938-001754
|
| 020 |
|
|
|q (brožované)
|
| 035 |
|
|
|a SK01SNKBSKHR20010060007
|
| 035 |
|
|
|a SKM000062470
|
| 040 |
|
|
|a SNK
|b slo
|c SNK
|e AACR2
|
| 041 |
0 |
|
|a slo
|
| 044 |
|
|
|a xo
|c SK
|
| 072 |
|
7 |
|a 811.162.4
|x Slovenčina
|2 konspekt
|
| 072 |
|
7 |
|a 37.016
|x Učebné osnovy. Vyučovacie predmety. Učebnice
|2 konspekt
|
| 072 |
|
7 |
|a 81
|x Lingvistika. Jazyky
|2 konspekt
|
| 080 |
|
|
|a 811.162.4
|2 2011
|
| 080 |
|
|
|a 81'35
|2 2011
|
| 080 |
|
|
|a (075.3)
|2 2011
|
| 080 |
|
|
|a 81'36
|2 2011
|
| 100 |
1 |
|
|a Damborský, Ján,
|d 1880-1932
|4 aut
|9 109223
|
| 245 |
1 |
0 |
|a Slovenská mluvnica so zvláštnym zreteľom na pravopis
|c podľa Gebauera-Ertla a Czambela pre stredné školy a samoukov napísal Ján Damborský
|
| 250 |
|
|
|a 3. opravené a doplnené vyd.
|
| 260 |
|
|
|a Nitra
|b Štefan Huszár
|c 1921
|
| 300 |
|
|
|a 160 strán
|b tabuľky
|c 23 cm
|
| 500 |
|
|
|a Ilustrácie na titulnej strane
|
| 650 |
0 |
7 |
|a slovenčina
|2 SNKPH
|9 1350
|
| 650 |
0 |
7 |
|a pravopis
|2 SNKPH
|9 868
|
| 650 |
0 |
7 |
|a gramatika
|2 SNKPH
|9 865
|
| 655 |
|
7 |
|a učebnice stredných škôl
|2 SNKPH
|9 69323
|
| 700 |
1 |
|
|a Gebauer, Jan,
|d 1838-1907
|4 oth
|9 237435
|
| 700 |
1 |
|
|a Ertl, Václav,
|d 1875-1929
|4 oth
|9 109225
|
| 700 |
1 |
|
|a Czambel, Samuel,
|d 1856-1909
|4 oth
|9 112846
|
| 852 |
|
|
|a Slovenská národná knižnica
|
| 954 |
|
|
|a odborná, vedecká literatúra pôvodná (slovenská)
|2 lita
|
| 958 |
|
|
|a RK
|
| 958 |
|
|
|a TL
|
| 958 |
|
|
|a ONDV
|
| 958 |
|
|
|a UC
|
| 999 |
|
|
|c 677839
|d 679769
|
| 952 |
|
|
|a SNK
|b SNK
|y PREZ
|7 0
|p 17A0714297
|o snkSC 222
|i snk2391/27
|0 0
|1 0
|4 0
|d 2024-01-23
|f 1
|l 0
|r 2025-05-27 00:00:00
|w 2026-02-23
|
| 952 |
|
|
|a SNK
|b SNK
|y VYP
|7 0
|p 17A0749135
|o snkSC 222 D1
|i snkVIII. 1884/54
|8 3
|0 0
|1 0
|4 0
|d 2011-11-22
|l 0
|r 2026-02-23 19:47:21
|w 2026-02-23
|
| 952 |
|
|
|a SNK
|b SNK
|y VYP
|7 0
|p 17A0749136
|o snkSC 222 D2
|i snkKSF 3044/57
|8 5
|0 0
|1 0
|4 0
|d 2011-11-22
|l 0
|r 2026-02-23 19:47:21
|w 2026-02-23
|